Loading...

Hindi: sangharsh aur aayam/

Bibliografiske detaljer
Hovedforfatter: Jayasree Shukla
Andre forfattere: Rajesh Chaturvedi
Format: Printed Book
Udgivet: Kanpur: Vikas Prakashan, 2012.
Fag:
LEADER 00591nam a22001697a 4500
020 |a 9789381317228 
082 |a H 491.43  |b JAY/H 
100 |a Jayasree Shukla 
245 |a Hindi: sangharsh aur aayam/  |c edited by Jayasree Shukla; Rajesh Chaturvedi. 
260 |a Kanpur:  |b Vikas Prakashan,  |c 2012. 
300 |a 288p. 
650 |a Hindi Language 
650 |a Languages 
700 |a Rajesh Chaturvedi 
942 |c BK 
999 |c 58775  |d 58775 
952 |0 0  |1 0  |4 0  |6 H_491_430000000000000_JAY_H  |7 0  |9 82059  |a SSUS  |b SSUS  |c STACKS  |d 2016-02-12  |g 525.00  |l 2  |o H 491.43 JAY/H  |p 080692  |r 2018-10-27  |s 2018-10-22  |w 2016-02-12  |y BK